| 000 | 00518nam a2200181 a 4500 | ||
|---|---|---|---|
| 005 | 20140310183331.0 | ||
| 008 | 060818s19uu xx 00 eng d | ||
| 020 | _a1932531726 | ||
| 050 |
_aHD 69.P75 _b.K4554 2005 |
||
| 100 | _aKemp, Sid | ||
| 245 |
_aUltimate guide to project management for small business: _bget it done right / _cSid Kemp |
||
| 260 | _aProject management. | ||
| 300 |
_a410 p. : _c25 cm. |
||
| 521 | _aBSBA | ||
| 650 |
_aSmall business _xManagement. |
||
| 942 |
_cBK _2lcc _kFOR |
||
| 999 |
_c21572 _d21572 |
||